[Event "Welsh Open Chess Championship"]
[Site "Mercure Cardiff North Hotel, Circle Way East, Llanedeyrn, Cardiff CF23 9XF"]
[Date "2024.03.29"]
[Round "2"]
[Board "1"]
[White "McGhee, David"]
[Black "Roberts, David L"]
[Result "0-1"]
[WhiteElo "1754"]
[BlackElo "1972"]
[Annotator "Home"]
[PlyCount "116"]
[EventDate "2024.03.29"]
[EventType "swiss"]
[EventRounds "7"]
[EventCountry "WLS"]

{[%evp 0,116,28,42,37,48,40,34,61,48,63,24,26,22,29,30,32,38,46,41,41,37,43,20,20,26,58,56,91,91,94,76,79,23,13,-22,29,-63,-73,-140,-133,-120,-117,-342,-186,-188,-115,-99,-99,-108,-108,-108,-101,-101,-104,-124,-100,-192,-185,-208,-192,-227,-181,-172,-136,-158,-160,-165,-165,-162,-95,-89,-71,-158,-151,-147,-111,-153,-111,-119,-85,-119,-114,-179,-70,-145,-117,-207,-56,-71,-15,-15,-7,-79,-67,-199,-92,-96,-9,-94,-25,-26,-15,-129,-61,-56,-56,-223,-243,-427,-157,-1092,-1107,-1217,-1220,-1035,-1220,-29983,-29984]} 1. e4 {[%emt 0:00:02]} d5 {[%emt 0:00:09]} 2. exd5 {[%emt 0:00:09]} Nf6 {[%emt 0:00:06]} 3. d4 {[%emt 0:00:52]} Nxd5 {[%emt 0:00:11]} 4. Nf3 {[%emt 0:01:32]} g6 {[%emt 0:00:12]} 5. Bc4 {[%emt 0:01:39]} Bg7 {[%emt 0:00:21]} 6. O-O {[%emt 0:01:26]} O-O {[%emt 0:00:45]} 7. Re1 {[%emt 0:02:07]} Nb6 {[%emt 0:02:31]} 8. Bb3 {[%emt 0:01:46]} c5 {[%emt 0:02:15]} 9. dxc5 {[%emt 0:02:33]} Qxd1 {[%emt 0:00:32]} 10. Rxd1 {[%emt 0:00:16]} N6d7 {[%emt 0:00:11]} 11. c3 {[%emt 0:02:43]} Nxc5 {[%emt 0:00:49]} 12. Bc2 {[%emt 0:03:33]} e5 {[%emt 0:04:38]} 13. Be3 {[%emt 0:05:07]} Ne6 {[%emt 0:00:54]} 14. Na3 {[%emt 0:03:24]} Nc6 {[%emt 0:06:55]} 15. Nc4 {[%emt 0:06:48]} f5 {[%emt 0:05:49]} 16. Bc1 {[%emt 0:13:58]} e4 {[%emt 0:03:36]} 17. Ne1 {[%emt 0:04:37]} Nc5 {[%emt 0:07:34]} 18. a4 {[%emt 0:11:34]} Be6 {[%emt 0:03:05]} 19. Ne3 {[%emt 0:00:54]} Rad8 {[%emt 0:02:24]} 20. Rxd8 {[%emt 0:02:13]} Rxd8 {[%emt 0:02:53]} 21. Bd1 {[%emt 0:01:34]} Bb3 {[%emt 0:03:51]} 22. Be2 {[%emt 0:00:24]} Nd3 {[%emt 0:04:29]} 23. Bxd3 {[%emt 0:00:35]} exd3 {[%emt 0:00:11]} 24. Nf3 {[%emt 0:01:18]} Re8 {[%emt 0:08:28]} 25. Bd2 {[%emt 0:03:19]} f4 {[%emt 0:08:27]} 26. Nf1 {[%emt 0:00:24]} Re2 {[%emt 0:01:14]} 27. h3 {[%emt 0:04:46]} h6 {[%emt 0:04:16]} 28. a5 {[%emt 0:00:56]} g5 {[%emt 0:00:30]} 29. a6 {[%emt 0:00:37]} b6 {[%emt 0:01:35]} 30. N1h2 {[%emt 0:03:12]} Bf8 {[%emt 0:07:56]} 31. Re1 {[%emt 0:00:59]} Bc5 {[%emt 0:02:12]} 32. Ng4 {[%emt 0:02:11]} Kg7 {[%emt 0:00:34]} 33. Rxe2 {[%emt 0:01:10]} dxe2 {[%emt 0:00:05]} 34. Nge5 {[%emt 0:00:38]} Nb8 {[%emt 0:04:51]} 35. Nd4 {[%emt 0:01:03]} Bd1 {[%emt 0:00:46]} 36. Ne6+ {[%emt 0:04:21]} Kf6 {[%emt 0:00:19]} 37. Nxc5 {[%emt 0:00:10]} bxc5 {[%emt 0:02:01]} 38. Ng4+ {[%emt 0:01:05]} Kg6 {[%emt 0:01:12]} 39. f3 {[%emt 0:00:21]} Nxa6 {[%emt 0:01:08]} 40. Ne5+ {[%emt 0:00:37]} Kf5 {[%emt 0:01:00]} 41. Nc6 {[%emt 0:00:19]} Ke6 {[%emt 0:00:48]} 42. Nxa7 {[%emt 0:00:39]} Kd5 {[%emt 0:01:25]} 43. Kf2 {[%emt 0:01:24]} Kc4 {[%emt 0:00:25]} 44. Nc6 {[%emt 0:02:19]} Kd3 45. Be1 {[%emt 0:02:56]} Kc4 {[%emt 0:03:56]} 46. Ne5+ {[%emt 0:01:41]} Kb3 {[%emt 0:01:01]} 47. Nf7 {[%emt 0:01:09]} Nc7 {[%emt 0:00:40]} 48. Nxh6 {[%emt 0:02:22]} Ne6 {[%emt 0:00:33]} 49. Nf5 {[%emt 0:01:24]} Kxb2 {[%emt 0:00:40]} 50. Nd6 {[%emt 0:01:37]} Kb3 {[%emt 0:01:28]} 51. Kg1 {[%emt 0:03:35]} Bc2 {[%emt 0:02:09]} 52. Kf2 {[%emt 0:01:23]} Bd3 {[%emt 0:00:17]} 53. Ne4 {[%emt 0:01:24]} Kc2 {[%emt 0:01:16]} 54. Nd6 {[%emt 0:03:59]} Kd1 {[%emt 0:01:43]} 55. Nf7 {[%emt 0:01:11]} c4 {[%emt 0:04:40]} 56. Nd6 {[%emt 0:01:58]} Nc5 {[%emt 0:00:40]} 57. Nf7 {[%emt 0:01:02]} Bg6 {[%emt 0:02:16]} 58. Nxg5 {[%emt 0:01:31]} Nd3+ {[%emt 0:00:10]} 0-1

[Event "Welsh Open Chess Championship"]
[Site "Mercure Cardiff North Hotel, Circle Way East, Llanedeyrn, Cardiff CF23 9XF"]
[Date "2024.03.29"]
[Round "2"]
[Board "2"]
[White "Mcgrath, Ethan"]
[Black "Honey, Luke"]
[Result "0-1"]
[WhiteElo "1738"]
[BlackElo "1939"]
[Annotator "Home"]
[PlyCount "58"]
[EventDate "2024.03.29"]
[EventType "swiss"]
[EventRounds "7"]
[EventCountry "WLS"]

{[%evp 0,58,28,33,65,54,45,43,36,32,31,37,35,17,45,29,26,25,48,19,10,8,12,16,18,9,19,11,0,-89,-47,-46,-50,-330,-337,-337,-337,-353,-344,-351,-324,-373,-355,-348,-361,-377,-340,-674,-690,-1162,-1190,-1310,-1449,-1773,-2204,-29995,-29996,-29997,-29998,-29999,-29999]} 1. e4 {[%emt 0:00:02]} c6 {[%emt 0:00:07]} 2. Nc3 {[%emt 0:00:14]} d5 {[%emt 0:00:06]} 3. Nf3 {[%emt 0:00:06]} dxe4 {[%emt 0:00:15]} 4. Nxe4 {[%emt 0:00:08]} Nf6 {[%emt 0:00:10]} 5. Qe2 {[%emt 0:00:15]} Nxe4 {[%emt 0:00:07]} 6. Qxe4 {[%emt 0:00:10]} Qa5 {[%emt 0:00:07]} 7. Bc4 {[%emt 0:04:42]} Bf5 {[%emt 0:00:07]} 8. Qf4 {[%emt 0:01:24]} e6 {[%emt 0:00:23]} 9. c3 {[%emt 0:03:32]} Nd7 {[%emt 0:00:39]} 10. d4 {[%emt 0:00:48]} Be7 {[%emt 0:00:30]} 11. Qg3 {[%emt 0:02:11]} O-O {[%emt 0:02:08]} 12. O-O {[%emt 0:00:35]} Nf6 {[%emt 0:04:39]} 13. Ne5 {[%emt 0:09:48]} c5 {[%emt 0:04:17]} 14. dxc5 {[%emt 0:05:37]} Qxc5 {[%emt 0:02:01]} 15. Be3 {[%emt 0:02:47]} Qc7 {[%emt 0:01:06]} 16. Be2 {[%emt 0:02:41]} Ne4 {[%emt 0:02:38]} 17. Qf3 {[%emt 0:10:01]} Qxe5 {[%emt 0:01:15]} 18. Bd4 {[%emt 0:00:25]} Qc7 {[%emt 0:00:53]} 19. Rfe1 {[%emt 0:01:19]} Bg5 {[%emt 0:02:04]} 20. g3 {[%emt 0:09:18]} Bf6 {[%emt 0:04:20]} 21. Be3 {[%emt 0:03:15]} Rfd8 {[%emt 0:01:33]} 22. h4 {[%emt 0:00:43]} h6 {[%emt 0:02:11]} 23. Bxh6 {[%emt 0:07:30]} gxh6 {[%emt 0:02:24]} 24. Bd3 {[%emt 0:00:09]} Nd2 {[%emt 0:01:41]} 25. Qh5 {[%emt 0:02:58]} Rxd3 {[%emt 0:00:16]} 26. Re3 {[%emt 0:01:07]} Rxe3 {[%emt 0:00:13]} 27. fxe3 {[%emt 0:00:18]} Qxg3+ {[%emt 0:00:07]} 28. Kh1 {[%emt 0:00:13]} Be4+ {[%emt 0:00:06]} 29. Qf3 {[%emt 0:00:08]} Bxf3# {[%emt 0:00:06]} 0-1

[Event "Welsh Open Chess Championship"]
[Site "Mercure Cardiff North Hotel, Circle Way East, Llanedeyrn, Cardiff CF23 9XF"]
[Date "2024.03.29"]
[Round "2"]
[Board "3"]
[White "Gibbs, Dominic V"]
[Black "Blackmore, Simon"]
[Result "1-0"]
[WhiteElo "1938"]
[BlackElo "1749"]
[Annotator "Home"]
[PlyCount "155"]
[EventDate "2024.03.29"]
[EventType "swiss"]
[EventRounds "7"]
[EventCountry "WLS"]

{[%evp 0,155,30,21,25,1,-15,-15,7,-39,-6,-15,-8,-6,1,0,32,-7,-13,-13,17,8,34,19,24,13,29,13,10,15,15,16,15,4,-2,5,18,15,19,-2,0,-31,-29,-26,-17,-29,-26,-26,-42,-42,-11,-35,2,-35,-21,-21,49,80,87,49,49,49,49,-128,-73,-146,-149,-148,-195,-166,-203,-203,-182,-203,-310,-296,-325,-299,0,0,0,0,0,-189,-84,-84,16,-146,-144,-161,-157,-153,-142,-159,-86,-109,0,0,0,0,0,0,0,0,0,0,0,0,0,0,0,-38,146,148,187,193,184,185,185,185,187,187,187,187,187,187,227,187,190,282,329,339,345,345,345,345,367,403,483,412,493,494,517,290,910,992,1016,1016,1016,1016,1016,1016,1016,1016,1016,1016,1016,1016]} 1. Nf3 {[%emt 0:00:03]} Nf6 {[%emt 0:00:30]} 2. g3 {[%emt 0:00:07]} Nc6 {[%emt 0:00:32]} 3. Bg2 {[%emt 0:00:25]} e5 {[%emt 0:00:54]} 4. d3 {[%emt 0:00:19]} d6 {[%emt 0:07:31]} 5. O-O {[%emt 0:02:34]} Be7 {[%emt 0:01:49]} 6. c4 {[%emt 0:01:02]} h6 {[%emt 0:09:45]} 7. Nc3 {[%emt 0:00:26]} Be6 {[%emt 0:11:28]} 8. e4 {[%emt 0:03:07]} Qd7 {[%emt 0:01:53]} 9. Nd5 {[%emt 0:00:53]} Bd8 {[%emt 0:02:54]} 10. Ne1 {[%emt 0:08:50]} Bh3 {[%emt 0:04:05]} 11. f3 {[%emt 0:05:23]} Nd4 {[%emt 0:07:45]} 12. Be3 {[%emt 0:02:06]} Bxg2 {[%emt 0:00:53]} 13. Nxg2 {[%emt 0:00:25]} c6 {[%emt 0:07:35]} 14. Nxf6+ {[%emt 0:00:39]} Bxf6 {[%emt 0:00:36]} 15. Bxd4 {[%emt 0:02:36]} exd4 {[%emt 0:00:03]} 16. Nf4 {[%emt 0:00:42]} Bg5 {[%emt 0:05:07]} 17. Ng2 {[%emt 0:03:09]} h5 {[%emt 0:02:51]} 18. f4 {[%emt 0:02:22]} Be7 {[%emt 0:00:43]} 19. Qf3 {[%emt 0:01:04]} h4 {[%emt 0:00:46]} 20. g4 {[%emt 0:01:11]} h3 {[%emt 0:03:16]} 21. Ne1 {[%emt 0:00:17]} O-O-O {[%emt 0:01:47]} 22. Nc2 {[%emt 0:01:56]} c5 {[%emt 0:00:09]} 23. b4 {[%emt 0:02:36]} Rh4 {[%emt 0:00:25]} 24. f5 {[%emt 0:02:18]} Rdh8 {[%emt 0:00:21]} 25. Rab1 {[%emt 0:02:30]} R8h6 {[%emt 0:01:18]} 26. Rb2 {[%emt 0:02:58]} Bd8 {[%emt 0:05:22]} 27. Rfb1 {[%emt 0:01:10]} Qe7 {[%emt 0:01:07]} 28. bxc5 {[%emt 0:03:34]} dxc5 {[%emt 0:01:07]} 29. Rxb7 {[%emt 0:01:50]} Qg5 {[%emt 0:00:18]} 30. Rb8+ {[%emt 0:03:06]} Kd7 {[%emt 0:00:16]} 31. R1b7+ {[%emt 0:00:12]} Ke8 {[%emt 0:00:09]} 32. Rb1 {[%emt 0:14:12]} Rxg4+ {[%emt 0:00:40]} 33. Kh1 {[%emt 0:00:15]} Rg2 {[%emt 0:01:48]} 34. Na3 {[%emt 0:04:36]} Qd2 {[%emt 0:03:07]} 35. e5 {[%emt 0:09:03]} Rxh2+ {[%emt 0:05:29]} 36. Kg1 {[%emt 0:00:10]} Qg2+ {[%emt 0:04:40]} 37. Qxg2 {[%emt 0:00:21]} Rxg2+ {[%emt 0:00:03]} 38. Kh1 {[%emt 0:00:16]} Rxa2 {[%emt 0:01:19]} 39. Nb5 {[%emt 0:01:37]} Rb6 {[%emt 0:01:53]} 40. Nd6+ {[%emt 0:02:27]} Kd7 {[%emt 0:04:37]} 41. Nxf7 {[%emt 0:05:27]} Rxb1+ {[%emt 0:02:17]} 42. Rxb1 {[%emt 0:00:03]} Bb6 {[%emt 0:02:48]} 43. Ng5 {[%emt 0:09:29]} Rf2 {[%emt 0:00:42]} 44. f6 {[%emt 0:02:00]} gxf6 {[%emt 0:00:24]} 45. Ne4 {[%emt 0:00:16]} Rf3 {[%emt 0:00:53]} 46. exf6 {[%emt 0:00:38]} Ke8 {[%emt 0:01:54]} 47. Rg1 {[%emt 0:05:34]} Kf8 {[%emt 0:04:13]} 48. Ng5 {[%emt 0:04:30]} Rf5 {[%emt 0:11:39]} 49. Nh7+ {[%emt 0:00:25]} Kf7 {[%emt 0:00:18]} 50. Rg7+ {[%emt 0:00:34]} Ke6 {[%emt 0:00:25]} 51. f7 {[%emt 0:08:00]} Rxf7 {[%emt 0:01:16]} 52. Ng5+ {[%emt 0:00:09]} Kf6 {[%emt 0:00:11]} 53. Rxf7+ {[%emt 0:00:08]} Kxg5 {[%emt 0:00:15]} 54. Kh2 {[%emt 0:00:14]} Kg4 {[%emt 0:00:46]} 55. Re7 {[%emt 0:00:22]} Kf5 {[%emt 0:01:02]} 56. Kxh3 {[%emt 0:00:24]} Kf4 {[%emt 0:00:12]} 57. Kg2 {[%emt 0:00:15]} Kf5 {[%emt 0:00:24]} 58. Kf3 {[%emt 0:00:17]} Kf6 {[%emt 0:00:27]} 59. Re2 {[%emt 0:00:12]} Kf5 {[%emt 0:00:28]} 60. Re8 {[%emt 0:01:14]} Bc7 {[%emt 0:01:04]} 61. Rf8+ {[%emt 0:01:15]} Ke6 {[%emt 0:00:38]} 62. Ke4 {[%emt 0:00:16]} Kd6 {[%emt 0:01:54]} 63. Ra8 {[%emt 0:00:19]} Bb6 {[%emt 0:00:25]} 64. Rh8 {[%emt 0:00:24]} Kc6 {[%emt 0:00:36]} 65. Rh6+ {[%emt 0:00:15]} Kb7 {[%emt 0:00:44]} 66. Kd5 {[%emt 0:00:09]} Ka6 {[%emt 0:03:00]} 67. Rh1 {[%emt 0:00:18]} Ka5 {[%emt 0:00:13]} 68. Rb1 {[%emt 0:00:14]} Ka4 {[%emt 0:00:52]} 69. Kc6 {[%emt 0:00:22]} Ka3 {[%emt 0:00:24]} 70. Rb5 {[%emt 0:00:49]} Ka4 {[%emt 0:00:42]} 71. Rxc5 {[%emt 0:09:54]} Bxc5 {[%emt 0:00:11]} 72. Kxc5 {[%emt 0:00:05]} a5 {[%emt 0:00:32]} 73. Kd5 {[%emt 0:00:29]} Kb3 {[%emt 0:00:45]} 74. c5 {[%emt 0:00:08]} a4 {[%emt 0:00:03]} 75. c6 {[%emt 0:00:06]} a3 {[%emt 0:00:07]} 76. c7 {[%emt 0:00:04]} a2 {[%emt 0:00:07]} 77. c8=Q {[%emt 0:00:07]} a1=Q {[%emt 0:00:14]} 78. Qc4+ 1-0

[Event "Welsh Open Chess Championship"]
[Site "Mercure Cardiff North Hotel, Circle Way East, Llanedeyrn, Cardiff CF23 9XF"]
[Date "2024.03.29"]
[Round "2"]
[Board "4"]
[White "Probert, Malcolm"]
[Black "Thomas, Mark"]
[Result "0-1"]
[WhiteElo "1728"]
[BlackElo "1876"]
[Annotator "Home"]
[PlyCount "94"]
[EventDate "2024.03.29"]
[EventType "swiss"]
[EventRounds "7"]
[EventCountry "WLS"]

{[%evp 0,94,30,25,63,14,23,23,30,23,23,19,31,8,17,36,28,13,27,-12,-15,-32,-6,-19,-14,-12,-9,0,0,-4,-10,-2,44,-17,-9,-35,-47,-52,82,95,97,61,62,60,57,1,39,35,54,18,34,40,45,54,62,48,71,66,69,72,74,79,73,71,80,87,96,92,91,70,63,51,27,0,17,0,17,-40,-33,-66,-54,-78,-80,-92,5,-68,-77,-89,-89,-300,-485,-918,-953,-1027,-1052,-1113,-1185]} 1. Nf3 {[%emt 0:00:03]} g6 {[%emt 0:00:07]} 2. g3 {[%emt 0:00:07]} Bg7 {[%emt 0:00:09]} 3. d4 {[%emt 0:00:30]} Nf6 {[%emt 0:00:08]} 4. Bg2 {[%emt 0:00:18]} O-O {[%emt 0:00:07]} 5. O-O {[%emt 0:00:18]} d6 {[%emt 0:00:05]} 6. c4 {[%emt 0:01:03]} c5 {[%emt 0:00:09]} 7. dxc5 {[%emt 0:02:02]} dxc5 {[%emt 0:00:08]} 8. Nc3 {[%emt 0:01:13]} Nc6 {[%emt 0:00:26]} 9. h3 {[%emt 0:05:50]} Be6 {[%emt 0:00:31]} 10. b3 {[%emt 0:02:21]} Ne4 {[%emt 0:02:19]} 11. Nxe4 {[%emt 0:06:54]} Bxa1 {[%emt 0:00:32]} 12. Nxc5 {[%emt 0:00:58]} Qxd1 {[%emt 0:01:31]} 13. Rxd1 {[%emt 0:00:10]} Bc8 {[%emt 0:00:09]} 14. Bf4 {[%emt 0:11:53]} Bg7 {[%emt 0:00:20]} 15. Bc7 {[%emt 0:01:07]} h6 {[%emt 0:01:41]} 16. Nd7 {[%emt 0:06:36]} Re8 {[%emt 0:00:39]} 17. Nfe5 {[%emt 0:00:50]} Nxe5 {[%emt 0:01:44]} 18. Nxe5 {[%emt 0:01:05]} e6 {[%emt 0:01:17]} 19. c5 {[%emt 0:02:47]} g5 {[%emt 0:04:29]} 20. c6 {[%emt 0:01:18]} bxc6 {[%emt 0:00:27]} 21. Bxc6 {[%emt 0:00:34]} Ba6 {[%emt 0:00:07]} 22. Nd3 {[%emt 0:01:16]} Rec8 {[%emt 0:00:51]} 23. Bxa8 {[%emt 0:01:53]} Rxa8 {[%emt 0:00:30]} 24. Kf1 {[%emt 0:03:35]} Rc8 {[%emt 0:00:58]} 25. Ba5 {[%emt 0:05:43]} Bf6 {[%emt 0:08:08]} 26. Bb4 {[%emt 0:03:22]} Bb7 {[%emt 0:02:50]} 27. f3 {[%emt 0:03:44]} Bd4 {[%emt 0:00:40]} 28. Rc1 {[%emt 0:01:26]} Rxc1+ {[%emt 0:03:12]} 29. Nxc1 {[%emt 0:00:08]} f5 {[%emt 0:00:14]} 30. Nd3 {[%emt 0:00:20]} Kf7 {[%emt 0:01:27]} 31. Bc5 {[%emt 0:00:35]} Bxc5 {[%emt 0:00:17]} 32. Nxc5 {[%emt 0:00:07]} Bc8 {[%emt 0:00:39]} 33. b4 {[%emt 0:01:27]} Ke7 {[%emt 0:00:04]} 34. a4 {[%emt 0:00:12]} Kd6 {[%emt 0:00:04]} 35. a5 {[%emt 0:01:46]} Kd5 {[%emt 0:00:27]} 36. Kf2 {[%emt 0:02:11]} e5 {[%emt 0:00:24]} 37. Ke3 {[%emt 0:01:33]} f4+ {[%emt 0:00:44]} 38. gxf4 {[%emt 0:00:40]} exf4+ {[%emt 0:00:24]} 39. Kd3 {[%emt 0:00:20]} Bxh3 {[%emt 0:00:26]} 40. Ne4 {[%emt 0:00:39]} Bf5 {[%emt 0:00:34]} 41. b5 {[%emt 0:00:38]} h5 {[%emt 0:00:19]} 42. b6 {[%emt 0:00:21]} axb6 {[%emt 0:00:20]} 43. a6 {[%emt 0:00:33]} Kc6 {[%emt 0:00:04]} 44. a7 {[%emt 0:00:08]} Kb7 {[%emt 0:00:07]} 45. Kd4 {[%emt 0:00:23]} Bxe4 {[%emt 0:00:08]} 46. fxe4 {[%emt 0:00:51]} g4 {[%emt 0:00:14]} 47. e5 {[%emt 0:00:24]} g3 {[%emt 0:00:06]} 0-1

[Event "Welsh Open Chess Championship"]
[Site "Mercure Cardiff North Hotel, Circle Way East, Llanedeyrn, Cardiff CF23 9XF"]
[Date "2024.03.29"]
[Round "2"]
[Board "5"]
[White "Mba, Reginald"]
[Black "Gale, Michael"]
[Result "1-0"]
[WhiteElo "1855"]
[BlackElo "1728"]
[Annotator "Home"]
[PlyCount "49"]
[EventDate "2024.03.29"]
[EventType "swiss"]
[EventRounds "7"]
[EventCountry "WLS"]

{[%evp 0,49,25,27,26,28,18,25,96,48,39,45,51,55,67,67,51,15,14,38,38,25,29,39,49,36,36,-6,34,40,65,80,88,107,95,74,86,68,63,74,107,94,104,60,100,62,105,110,94,107,374,374]} 1. e4 {[%emt 0:00:11]} e5 {[%emt 0:00:06]} 2. Nf3 {[%emt 0:00:11]} Nf6 {[%emt 0:00:13]} 3. Nxe5 {[%emt 0:00:23]} Nxe4 {[%emt 0:00:19]} 4. Qe2 {[%emt 0:02:03]} Qe7 {[%emt 0:00:16]} 5. Qxe4 {[%emt 0:01:21]} d6 {[%emt 0:00:15]} 6. d4 {[%emt 0:00:57]} dxe5 {[%emt 0:00:22]} 7. dxe5 {[%emt 0:02:22]} Nc6 {[%emt 0:03:38]} 8. Bd3 {[%emt 0:04:18]} Nxe5 {[%emt 0:06:03]} 9. O-O {[%emt 0:00:43]} Nxd3 {[%emt 0:06:34]} 10. Qxd3 {[%emt 0:00:13]} Qd6 {[%emt 0:01:20]} 11. Re1+ {[%emt 0:01:05]} Be7 {[%emt 0:06:08]} 12. Qe4 {[%emt 0:04:12]} Be6 {[%emt 0:06:39]} 13. Nc3 {[%emt 0:01:48]} O-O {[%emt 0:02:40]} 14. Qxb7 {[%emt 0:03:55]} a6 {[%emt 0:16:57]} 15. Qf3 {[%emt 0:00:43]} Rfd8 {[%emt 0:02:18]} 16. Bf4 {[%emt 0:02:27]} Qb6 {[%emt 0:01:21]} 17. Rab1 {[%emt 0:07:24]} Rab8 {[%emt 0:06:24]} 18. Qg3 {[%emt 0:02:58]} Bd6 {[%emt 0:02:16]} 19. Bxd6 {[%emt 0:00:30]} Rxd6 {[%emt 0:00:49]} 20. b3 {[%emt 0:08:31]} Bf5 {[%emt 0:03:15]} 21. Ne4 {[%emt 0:05:12]} Rd4 {[%emt 0:03:04]} 22. Qf3 {[%emt 0:02:03]} Qg6 {[%emt 0:02:00]} 23. Ng3 {[%emt 0:01:10]} Bxc2 {[%emt 0:02:13]} 24. Rbc1 {[%emt 0:00:18]} h6 {[%emt 0:04:55]} 25. Qc3 {[%emt 0:01:03]} 1-0

[Event "Welsh Open Chess Championship"]
[Site "Mercure Cardiff North Hotel, Circle Way East, Llanedeyrn, Cardiff CF23 9XF"]
[Date "2024.03.29"]
[Round "2"]
[Board "6"]
[White "Thomas, Roy"]
[Black "Williams, Stephen"]
[Result "0-1"]
[WhiteElo "1804"]
[BlackElo "1701"]
[Annotator "Home"]
[PlyCount "58"]
[EventDate "2024.03.29"]
[EventType "swiss"]
[EventRounds "7"]
[EventCountry "WLS"]

{[%evp 0,58,26,-16,-11,-17,19,19,9,5,9,-4,-1,-1,60,44,53,51,54,44,36,30,11,18,11,17,125,12,14,-5,33,40,57,57,56,13,50,-11,-39,-49,-76,-56,-4,-20,-32,-77,-31,-83,-31,-36,-10,-197,-197,-191,-181,-221,-208,-725,-718,-763,-777]} 1. f4 {[%emt 0:00:03]} e6 {[%emt 0:00:18]} 2. Nf3 {[%emt 0:00:06]} f5 {[%emt 0:00:09]} 3. e3 {[%emt 0:00:49]} Nf6 {[%emt 0:00:14]} 4. b3 {[%emt 0:00:25]} b6 {[%emt 0:00:12]} 5. Bb2 {[%emt 0:00:07]} Bb7 {[%emt 0:00:13]} 6. Be2 {[%emt 0:00:41]} d6 {[%emt 0:01:26]} 7. O-O {[%emt 0:00:54]} Nbd7 {[%emt 0:00:16]} 8. Nc3 {[%emt 0:08:01]} Qe7 {[%emt 0:02:56]} 9. a4 {[%emt 0:05:04]} a6 {[%emt 0:01:10]} 10. Ng5 {[%emt 0:04:29]} g6 {[%emt 0:13:12]} 11. Bf3 {[%emt 0:02:57]} c6 {[%emt 0:04:02]} 12. e4 {[%emt 0:07:15]} h6 {[%emt 0:00:42]} 13. Nh3 {[%emt 0:00:30]} Bg7 {[%emt 0:01:09]} 14. d4 {[%emt 0:05:00]} fxe4 {[%emt 0:03:11]} 15. Nxe4 {[%emt 0:00:33]} d5 {[%emt 0:00:39]} 16. Nef2 {[%emt 0:09:30]} O-O {[%emt 0:00:55]} 17. Nd3 {[%emt 0:00:59]} Rac8 {[%emt 0:01:40]} 18. Ba3 {[%emt 0:03:28]} c5 {[%emt 0:01:13]} 19. Nhf2 {[%emt 0:02:09]} Ne4 {[%emt 0:01:00]} 20. Ne5 {[%emt 0:04:22]} Kh7 {[%emt 0:01:06]} 21. Nfd3 {[%emt 0:09:32]} Nxe5 {[%emt 0:02:23]} 22. fxe5 {[%emt 0:01:08]} a5 {[%emt 0:02:39]} 23. c4 {[%emt 0:06:45]} Rc7 {[%emt 0:04:04]} 24. dxc5 {[%emt 0:04:28]} bxc5 {[%emt 0:00:19]} 25. Bxe4 {[%emt 0:07:10]} Rxf1+ {[%emt 0:00:32]} 26. Kxf1 {[%emt 0:01:54]} dxe4 {[%emt 0:00:13]} 27. Nxc5 {[%emt 0:05:20]} Rxc5 {[%emt 0:00:25]} 28. Qd6 {[%emt 0:01:22]} Qxd6 {[%emt 0:01:45]} 29. exd6 {[%emt 0:00:09]} Rf5+ {[%emt 0:00:55]} 0-1

[Event "Welsh Open Chess Championship"]
[Site "Mercure Cardiff North Hotel, Circle Way East, Llanedeyrn, Cardiff CF23 9XF"]
[Date "2024.03.29"]
[Round "2"]
[Board "7"]
[White "Hurn, Robert AJ"]
[Black "Beeston, Darson"]
[Result "1/2-1/2"]
[WhiteElo "1711"]
[BlackElo "1801"]
[Annotator "Home"]
[PlyCount "28"]
[EventDate "2024.03.29"]
[EventType "swiss"]
[EventRounds "7"]
[EventCountry "WLS"]

{[%evp 0,28,26,25,29,-10,-10,-12,73,79,76,82,99,62,102,39,47,74,77,52,24,1,0,7,35,29,72,42,78,69,63]} 1. d4 {[%emt 0:00:03]} Nf6 {[%emt 0:00:06]} 2. c4 {[%emt 0:00:05]} e6 {[%emt 0:00:07]} 3. Nc3 {[%emt 0:00:07]} c5 {[%emt 0:00:08]} 4. d5 {[%emt 0:00:06]} exd5 {[%emt 0:01:12]} 5. cxd5 {[%emt 0:00:09]} d6 {[%emt 0:00:06]} 6. e4 {[%emt 0:00:30]} g6 {[%emt 0:00:08]} 7. f4 {[%emt 0:00:39]} Bg7 {[%emt 0:00:06]} 8. Bb5+ {[%emt 0:00:15]} Nfd7 {[%emt 0:00:46]} 9. a4 {[%emt 0:00:11]} Na6 {[%emt 0:00:42]} 10. Nf3 {[%emt 0:00:33]} O-O {[%emt 0:00:42]} 11. O-O {[%emt 0:00:27]} Nc7 {[%emt 0:00:18]} 12. Bd3 {[%emt 0:03:40]} Re8 {[%emt 0:01:10]} 13. Re1 {[%emt 0:01:37]} Nf6 {[%emt 0:04:49]} 14. h3 {[%emt 0:07:45]} b6 {[%emt 0:16:35]} 1/2-1/2

[Event "Welsh Open Chess Championship"]
[Site "Mercure Cardiff North Hotel, Circle Way East, Llanedeyrn, Cardiff CF23 9XF"]
[Date "2024.03.29"]
[Round "2"]
[Board "8"]
[White "Jones, Steve"]
[Black "Swamy, Anshul"]
[Result "1-0"]
[WhiteElo "1791"]
[BlackElo "1684"]
[Annotator "Home"]
[PlyCount "57"]
[EventDate "2024.03.29"]
[EventType "swiss"]
[EventRounds "7"]
[EventCountry "WLS"]

{[%evp 0,57,26,29,29,24,23,13,24,24,31,3,19,24,15,34,29,25,22,28,29,26,24,32,32,30,19,11,5,8,7,-11,-16,0,19,9,125,112,118,141,173,118,145,148,125,86,135,77,77,51,103,44,36,34,91,198,1424,14,464,492]} 1. d4 {[%emt 0:00:06]} d5 {[%emt 0:00:05]} 2. Nc3 {[%emt 0:00:07]} Nf6 {[%emt 0:00:20]} 3. Bf4 {[%emt 0:00:07]} a6 {[%emt 0:00:27]} 4. e3 {[%emt 0:00:08]} Nc6 {[%emt 0:01:13]} 5. a3 {[%emt 0:01:27]} Bf5 {[%emt 0:04:23]} 6. f3 {[%emt 0:00:46]} e6 {[%emt 0:02:27]} 7. g4 {[%emt 0:00:34]} Bg6 {[%emt 0:00:32]} 8. h4 {[%emt 0:00:08]} h5 {[%emt 0:01:59]} 9. g5 {[%emt 0:00:19]} Nd7 {[%emt 0:01:26]} 10. Bd3 {[%emt 0:00:21]} Bxd3 {[%emt 0:02:07]} 11. Qxd3 {[%emt 0:00:07]} g6 {[%emt 0:02:52]} 12. Nge2 {[%emt 0:03:22]} Bg7 {[%emt 0:15:02]} 13. O-O-O {[%emt 0:01:49]} Nb6 {[%emt 0:04:59]} 14. Rhe1 {[%emt 0:03:39]} Qd7 {[%emt 0:07:06]} 15. e4 {[%emt 0:02:28]} O-O-O {[%emt 0:12:01]} 16. Be3 {[%emt 0:04:09]} Ne7 {[%emt 0:07:37]} 17. Kb1 {[%emt 0:02:05]} e5 {[%emt 0:05:50]} 18. dxe5 {[%emt 0:04:36]} dxe4 {[%emt 0:06:28]} 19. Qxe4 {[%emt 0:01:36]} Qe6 {[%emt 0:01:34]} 20. f4 {[%emt 0:02:55]} Nc4 {[%emt 0:04:19]} 21. Bc1 {[%emt 0:05:10]} Nf5 {[%emt 0:02:10]} 22. Nd5 {[%emt 0:03:08]} Na5 {[%emt 0:02:20]} 23. Rd3 {[%emt 0:02:53]} Nxh4 {[%emt 0:02:26]} 24. Red1 {[%emt 0:00:33]} Nc6 {[%emt 0:01:48]} 25. Qc4 {[%emt 0:02:08]} Nf5 {[%emt 0:01:33]} 26. Nec3 {[%emt 0:03:09]} h4 {[%emt 0:02:34]} 27. Ne4 {[%emt 0:02:46]} Bf8 {[%emt 0:03:36]} 28. Qc3 {[%emt 0:01:30]} Nfd4 {[%emt 0:03:29]} 29. Rxd4 {[%emt 0:00:43]} 1-0